University Home | Library Home | Institutional Repository

Essentials of medicinal chemistry / (Record no. 39509)

MARC details
000 -LEADER
fixed length control field 01015cam0a220030100 4500
001 - CONTROL NUMBER
control field lce00004781
005 - DATE AND TIME OF LATEST TRANSACTION
control field 20190813163322.0
008 - FIXED-LENGTH DATA ELEMENTS--GENERAL INFORMATION
fixed length control field 751103s1976 nyua b 001 0 eng
010 ## - LIBRARY OF CONGRESS CONTROL NUMBER
LC control number 75037801 //r913
020 ## - INTERNATIONAL STANDARD BOOK NUMBER
International Standard Book Number 0471123250
035 ## - SYSTEM CONTROL NUMBER
System control number (Sirsi) r98271
035 ## - SYSTEM CONTROL NUMBER
System control number (DLC) 75037801 //r913
035 ## - SYSTEM CONTROL NUMBER
System control number (UPRA)lce00004781
040 ## - CATALOGING SOURCE
Original cataloging agency DLC
Transcribing agency DLC
Modifying agency DLC
050 00 - LIBRARY OF CONGRESS CALL NUMBER
Classification number RS403
Item number .K67
060 ## - NATIONAL LIBRARY OF MEDICINE CALL NUMBER
Classification number QV744 K84e
082 00 - DEWEY DECIMAL CLASSIFICATION NUMBER
Classification number 615/.1
100 1# - MAIN ENTRY--PERSONAL NAME
Personal name Korolkovas, Andrejus.
Linkage A56909.1
245 10 - TITLE STATEMENT
Title Essentials of medicinal chemistry /
Statement of responsibility, etc. Andrejus Korolkovas, Joseph H. Burckhalter.
260 ## - PUBLICATION, DISTRIBUTION, ETC.
Place of publication, distribution, etc. New York :
Name of publisher, distributor, etc. Wiley,
Date of publication, distribution, etc. c1976.
500 ## - GENERAL NOTE
General note "A Wiley-Interscience publication."
504 ## - BIBLIOGRAPHY, ETC. NOTE
Bibliography, etc. note Includes bibliographical references and index.
650 #0 - SUBJECT ADDED ENTRY--TOPICAL TERM
Topical term or geographic name entry element Pharmaceutical chemistry.
Linkage S2250.1
650 #2 - SUBJECT ADDED ENTRY--TOPICAL TERM
Topical term or geographic name entry element Chemistry, Pharmaceutical.
Linkage S6896.1
700 1# - ADDED ENTRY--PERSONAL NAME
Personal name Burckhalter, Joseph Harold, 1912-
Dates associated with a name Burckhalter, Joseph Harold, 1912-
Linkage A56910.1
949 ## - LOCAL PROCESSING INFORMATION (OCLC)
a RS403
w LC
i -139829
m MEDICAL
t BOOK
l ON-SHELF
Holdings
Withdrawn status Lost status Source of classification or shelving scheme Damaged status Not for loan Home library Current library Shelving location Total Checkouts Full call number Barcode Date last seen Copy number Price effective from Koha item type
    Library of Congress Classification     Medical Library Medical Library On Shelf   RS403 -139829 08/13/2019 1 08/13/2019 Book
© 2026 - The University of Zambia Library - Koha v25.11